[Event "Summer Prague Open A 2020"]
[Site "Prague"]
[Date "2020.08.09"]
[Round "2.2"]
[White "Plat, Vojtech"]
[Black "Soubirou, Oriane"]
[Result "1-0"]
[WhiteElo "2562"]
[BlackElo "2144"]
[Annotator "TA"]
[PlyCount "47"]
[EventDate "2020.08.08"]
[EventCountry "CZE"]
[SourceTitle "playchess.com"]
[Source "ChessBase"]
[SourceQuality "1"]

{[%evp 10,47,3,0,33,-8,14,21,44,37,46,-19,63,41,69,72,62,60,73,74,77,75,126,127,130,53,73,49,103,100,101,98,247,242,267,286,932,938,879,881]} 1. d4 Nf6 2. c4 e6 3. Nc3 Bb4 4. Qc2 O-O 5. Nf3 d5 6. e3 a6 {E34: Nimzo-Indian: Classical: 4...d5.} 7. Bd2 dxc4 8. Bxc4 b5 {The position is equal.} 9. Bd3 Bb7 {[#]} 10. e4 $146 (10. Ne4 $14 Bxd2+ 11. Nfxd2) ({Predecessor:} 10. Ne4 Bxd2+ 11. Nfxd2 Nbd7 12. O-O h6 13. Rac1 Rc8 14. b4 Qe7 15. Rb1 e5 16. Nxf6+ Nxf6 17. dxe5 Qxe5 {½-½ (33) Magerl,Z-Ali,A (1646) Maribor 2012}) 10... h6 (10... c5 $1 $11) 11. a3 $14 Be7 12. O-O Nbd7 13. b4 Nb6 14. Rfe1 Nfd7 15. Rad1 Qc8 ({Black should try} 15... Re8) 16. Qc1 $16 Re8 {[#]} 17. e5 (17. Bxh6 $1 $16 gxh6 18. Qxh6) 17... Bf8 $1 $14 18. Ne4 Bd5 ({Black should play} 18... Qd8 $14) 19. g4 $16 Nc4 20. g5 {[%cal Rg5h6]} Nxd2 {Black cannot hold the game after this.} (20... h5 $16) 21. Qxd2 $18 hxg5 22. Nfxg5 {[#] Black must now prevent Qf4.} ({Not} 22. Nexg5 f5 $14) 22... Qd8 $2 (22... f5 23. Qe2 Re7) 23. Qf4 f6 24. Qh4 {Accuracy: White = 77%, Black = 40%.} 1-0

[Event "Summer Prague Open A 2020"]
[Site "Prague"]
[Date "2020.08.09"]
[Round "2.3"]
[White "Schmit, Vincent"]
[Black "Petr, Martin"]
[Result "0-1"]
[WhiteElo "2157"]
[BlackElo "2464"]
[Annotator "TA"]
[PlyCount "74"]
[EventDate "2020.08.08"]
[EventCountry "CZE"]
[SourceTitle "playchess.com"]
[Source "ChessBase"]
[SourceQuality "1"]

{[%evp 11,74,12,13,12,14,16,20,15,14,6,10,-41,-27,-29,-40,-54,-8,-6,-4,-16,0,0,31,-10,56,-12,-11,-20,5,0,0,0,0,0,0,-45,-17,-239,-251,-285,-299,-283,-281,-286,-228,-227,-224,-230,-216,-295,-295,-347,-334,-523,-518,-513,-518,-732,-762,-758,-751,-762,-762,-822,-752]} 1. e4 e6 2. d4 d5 3. exd5 exd5 4. Bd3 Nc6 5. c3 Bd6 6. Qf3 Be6 7. Bf4 {C01: French: Exchange Variation.} Bxf4 8. Qxf4 Nge7 9. Ne2 {The position is equal.} Qd7 10. Ng3 O-O-O {[#]} 11. Nd2 $146 (11. O-O $11) ({Predecessor:} 11. O-O h5 12. Re1 h4 13. Nf1 Bf5 14. Bxf5 Qxf5 {½-½ (14) Voneschen,J (2113)-Schaedler,J (2121) Germany 2000}) 11... Ng6 $15 12. Bxg6 hxg6 13. O-O-O Qd6 14. Qxd6 Rxd6 15. h3 Bf5 16. Nf3 f6 17. Rde1 a5 (17... Bd7 $11) 18. Re3 (18. Nxf5 $14 gxf5 19. Re2) 18... Bd7 $11 19. Ne1 g5 20. Nf3 Kd8 21. h4 g4 22. Ne1 $1 f5 {...f4 is the strong threat.} 23. Nd3 Rdh6 24. Nf4 $2 {[#] This move loses the game for White.} (24. f4 $1 $11) 24... g5 $1 $19 {[%cal Rg5f4][%mdl 512]} 25. hxg5 Rxh1+ 26. Nxh1 Rxh1+ 27. Kd2 Rh8 28. Nxd5 Rg8 29. Nf4 Rxg5 30. d5 Ne7 31. Kd3 Ng6 32. g3 (32. Nxg6 $142 Rxg6 33. Re5) 32... Nxf4+ {Black is clearly winning.} 33. gxf4 Rh5 34. Re1 Rh3+ 35. Kd4 Rf3 36. Ke5 Rxf2 37. Rh1 Re2+ {Accuracy: White = 53%, Black = 73%.} 0-1

[Event "Summer Prague Open A 2020"]
[Site "Prague"]
[Date "2020.08.09"]
[Round "2.4"]
[White "Cernousek, Lukas"]
[Black "Deuer, Marius"]
[Result "1-0"]
[WhiteElo "2458"]
[BlackElo "2122"]
[Annotator "TA"]
[PlyCount "71"]
[EventDate "2020.08.08"]
[EventCountry "CZE"]
[SourceTitle "playchess.com"]
[Source "ChessBase"]
[SourceQuality "1"]

{[%evp 11,71,14,18,22,36,22,27,41,43,1,14,29,52,43,43,58,72,33,25,28,34,39,89,89,93,77,149,122,131,97,241,237,245,247,250,214,243,233,212,198,200,183,195,209,209,204,200,205,205,221,225,212,248,245,227,245,250,226,212,166,29973,29973]} 1. c4 Nf6 2. Nc3 c5 3. g3 d5 4. cxd5 Nxd5 5. Bg2 Nc7 6. Qa4+ Bd7 7. Qc4 {A34: Symmetrical English: 2 Nc3, lines with ...d5.} Nc6 8. Qxc5 e5 9. Qe3 {White has an edge.} Ne6 {[#]} 10. d3 $146 ({Predecessor:} 10. Nf3 Ncd4 11. O-O Nc2 12. Qxe5 Nxa1 13. d4 Nc2 14. d5 Nb4 15. dxe6 Bxe6 16. Rd1 {1-0 (33) Tunge,C (2027)-Kreken,E (1784) Sarpsborg 2019}) 10... Ned4 (10... Ncd4 $5 11. Qd2 $8 Bb4 $11) 11. Qd2 $1 Nb4 {White must now prevent ...Ndc2+.} 12. Rb1 Bc6 13. Bxc6+ Nbxc6 14. a3 (14. e3 $5 {[%cal Re3d4]}) 14... Qd7 15. b4 {[%cal Bb2b4,Bb4b5][%mdl 32]} Rd8 16. Bb2 h5 17. e3 Ne6 18. Nf3 h4 (18... a6 $142) 19. b5 $36 {[%mdl 2048] White is in control.} ({But not} 19. gxh4 $6 a6 $14) 19... Na5 20. Nxe5 Qe7 {[#] This costs Black the game.} (20... Qc7 $16 {was worth a try.}) 21. Ne4 $1 $18 Nb3 22. Qc2 Nbc5 23. Nxc5 Nxc5 24. d4 Nd7 25. Nxd7 Qxd7 26. Qe4+ Be7 27. a4 hxg3 28. hxg3 {[%cal Rh1h8]} Rxh1+ 29. Qxh1 {Qh8+ is the strong threat.} Qf5 30. e4 Qg4 31. Rc1 Rc8 32. Rxc8+ Qxc8 33. Qh8+ {[%mdl 64] Double Attack} Bf8 {[#] Threatens to win with ...Qc2.} 34. d5 $1 Qg4 35. Kf1 {aiming for Ba3.} f6 $2 (35... Qd1+ $18 36. Kg2 Qxa4) 36. Ba3 {Accuracy: White = 85%, Black = 69%.} 1-0

[Event "Summer Prague Open A 2020"]
[Site "Prague"]
[Date "2020.08.09"]
[Round "2.5"]
[White "Tabak, Stefan"]
[Black "Schnider, Gert"]
[Result "0-1"]
[WhiteElo "2094"]
[BlackElo "2423"]
[Annotator "TA"]
[PlyCount "48"]
[EventDate "2020.08.08"]
[EventCountry "CZE"]
[SourceTitle "playchess.com"]
[Source "ChessBase"]
[SourceQuality "1"]

{[%evp 9,48,-37,-35,-41,-39,-35,-40,-46,-37,-65,-75,-79,-77,-83,-82,-129,-80,-85,-75,-112,-110,-118,-125,-131,-68,-72,-65,-72,-66,-130,-125,-330,-338,-325,-299,-383,-356,-722,-703,-797,-882]} 1. e4 e5 2. d4 exd4 3. c3 Qe7 4. cxd4 Qxe4+ 5. Be3 Bb4+ 6. Nc3 {C21: Danish Gambit.} Nf6 7. Nf3 Nd5 8. Qd2 {Black is slightly better.} Qe7 9. Bc4 Nxe3 10. fxe3 c6 11. O-O d5 12. Bd3 {[#]} Nd7 $146 ({Predecessor:} 12... O-O 13. Rae1 Be6 14. e4 dxe4 15. Rxe4 Nd7 16. Ng5 h6 17. Nxe6 fxe6 18. Rfe1 Rf6 {0-1 (26) Goris Antonius,A (2055)-Held,M (2245) Fuerth 1998}) 13. Rae1 Nf6 14. e4 Nxe4 15. Bxe4 dxe4 16. Rxe4 Be6 (16... Qxe4 $17 17. Re1 {[#]} Qxe1+ $1 {[%mdl 512]} 18. Qxe1+ Be6) 17. Ng5 O-O 18. Rfe1 {[%cal Rg5e6]} Rad8 19. Kh1 (19. Nxe6 $15 fxe6 20. Rxe6) 19... Qf6 $17 20. h3 $2 {[#] Now White is beyond hope.} (20. a3 $17 Bc5 21. Qc1 Bxd4 22. Nxe6 fxe6 23. Rxe6) 20... Bxa2 $1 $19 {[%mdl 576] Pin} 21. Re5 (21. Nxa2 Bxd2) 21... h6 22. Qe2 Rxd4 23. Nxa2 $2 (23. Qe3 Rf4 24. Nf3) 23... Bxe1 24. Nf3 Bg3 {Accuracy: White = 48%, Black = 83%.} 0-1

[Event "Summer Prague Open A 2020"]
[Site "Prague"]
[Date "2020.08.09"]
[Round "2.6"]
[White "Roseneck, Jonas"]
[Black "Tirelli, Mauro"]
[Result "1-0"]
[WhiteElo "2416"]
[BlackElo "2187"]
[Annotator "TA"]
[PlyCount "69"]
[EventDate "2020.08.08"]
[EventCountry "CZE"]
[SourceTitle "playchess.com"]
[Source "ChessBase"]
[SourceQuality "1"]

{[%evp 22,69,37,37,37,37,37,37,22,10,41,16,43,22,40,38,67,66,70,66,62,67,40,68,60,56,65,57,57,0,17,0,0,0,0,0,353,353,488,476,418,401,1217,1154,29987,0,29988,29989,29992,29993]} 1. e4 c5 2. Nf3 e6 3. d4 cxd4 4. Nxd4 Nf6 5. Nc3 Nc6 6. Nxc6 bxc6 7. e5 Nd5 8. Ne4 Qc7 9. f4 Qb6 10. c4 Bb4+ 11. Ke2 f5 12. exf6 Nxf6 {B45: Sicilian Four Knights.} 13. Be3 Qd8 14. Nd6+ Bxd6 {White is slightly better.} 15. Qxd6 Bb7 16. Rd1 Rc8 17. Rg1 c5 18. g4 $1 ({Wrong is} 18. Bxc5 $2 Ne4 $19) 18... Rc6 19. Qe5 O-O $1 {White should prevent ...d5.} 20. g5 Nh5 21. Bh3 $1 d6 22. Qxe6+ Kh8 {Threatens to win with ...Rb6.} 23. Rgf1 $1 Rb6 24. b3 $36 {[%mdl 2048] White fights for an advantage.} Ra6 {aiming for ...Re8.} 25. Rd2 (25. Qd7 $5 {[%cal Rd7b7]} Qb8 26. Qg4 $11) 25... d5 26. Qe5 {[%cal Rc4d5]} Re8 27. cxd5 {Be6 is the strong threat.} Rxe5 28. fxe5 {[#] And now Rf7 would win.} g6 $146 {[%mdl 8192]} (28... Bxd5 $11 29. Bg2 Rxa2 $1 {[%mdl 512]} 30. Bxd5 Rxd2+ 31. Bxd2 Nf6 32. exf6 Qxd5) ({Predecessor:} 28... Bxd5 29. Bg2 c4 30. Bxd5 c3 31. Bb7 cxd2 32. Bxa6 Qe8 33. Bc4 g6 34. e6 {1-0 (34) Wei,Y (2733)-Fier,A (2561) Moscow 2019}) 29. Rf7 $18 {Hoping for e6.} Qxd5 30. Rxd5 Bxd5 31. e6 Rxa2+ (31... Bxe6 $142 32. Bxe6 Rxe6 33. Rxa7 Nf4+ 34. Kd2 Rd6+ 35. Kc2 Nd3) 32. Kd3 Rxh2 33. Rf8+ Kg7 {[#]} 34. e7 $1 Bf7 {[#]} 35. Be6 $1 {[%mdl 512] Accuracy: White = 95%, Black = 60%.} 1-0

[Event "Summer Prague Open A 2020"]
[Site "Prague"]
[Date "2020.08.09"]
[Round "2.7"]
[White "Smolik, Jachym"]
[Black "Miedema, David"]
[Result "0-1"]
[WhiteElo "2121"]
[BlackElo "2382"]
[Annotator "TA"]
[PlyCount "72"]
[EventDate "2020.08.08"]
[EventCountry "CZE"]
[SourceTitle "playchess.com"]
[Source "ChessBase"]
[SourceQuality "1"]

{[%evp 13,72,-19,-15,-17,-12,-19,-1,-34,-27,-33,-12,-37,-10,-12,8,-26,-32,-42,-38,-42,-27,-30,-26,-44,-6,-50,-43,-96,-26,-23,-23,-25,-22,-22,-10,-19,-15,-26,0,0,0,-93,-89,-101,-86,-89,0,0,42,-18,-23,-147,-155,-1014,-1013,-998,-998,-29989,-29990,-29991,-29982]} 1. e4 e6 2. d4 d5 3. Nd2 c5 4. exd5 exd5 5. dxc5 Bxc5 6. Nb3 Bb6 7. Nf3 Nf6 $1 {The main line 7...Nf6 scores better than 7...Nc6.} 8. Be2 {C08: French Tarrasch: 3...c5 4 exd5 exd5 sidelines.} O-O 9. O-O Nc6 10. Bg5 {The position is equal.} Re8 11. c3 Qd6 12. Nbd2 Bc7 {[#]} 13. Re1 $146 ({Predecessor:} 13. g3 Qe6 14. Bd3 Ne4 15. Nxe4 dxe4 16. Bxe4 Qg4 17. Bd3 f6 18. Be3 Be6 19. Nd4 Qxd1 20. Rfxd1 Nxd4 21. Bxd4 {1-0 (45) Eggink,M (2177)-Kalinowska,Z (1913) Warsaw 2015}) 13... Ne4 14. Nf1 Nxg5 15. Nxg5 Bf5 16. Nf3 Bb6 17. Qd2 Be4 18. Ng5 Qg6 19. Ng3 {[#] Hoping for Bh5.} Re5 20. h4 (20. N5xe4 $15 dxe4 21. Bc4) 20... h6 (20... Qf6 $17 21. Bf3 h6 22. N5xe4 Qxh4) 21. Bh5 $11 Qf6 22. N5xe4 dxe4 23. Rxe4 Rxe4 24. Nxe4 Qxh4 25. Qd5 Rf8 (25... Qe7 $5 {[%cal Ra8d8]}) 26. g3 Qe7 27. Bf3 (27. Re1 $11 {remains equal.}) 27... Ne5 $17 28. Bg2 Rd8 {[%cal Bf8d8,Bd8d7,Bd7d2][%mdl 32]} 29. Qb3 Nd3 (29... Kf8 $17 {White must now prevent ...f5.} 30. c4 Rd4) 30. Rd1 $11 Rd7 31. Qc2 (31. Qb5 $14 Qd8 32. Qf5) 31... Qd8 $36 {[%mdl 2048] ...f5 is the strong threat. Black fights for an advantage.} 32. Kf1 {[#]} (32. Qa4 $11) 32... f5 $1 $17 {[%cal Rf5e4]} 33. Nd2 $2 {Now White is beyond hope.} (33. Qb3+ $17 Kh8 34. Qb5 fxe4 35. Bxe4) 33... Nxf2 $19 34. Re1 Rxd2 35. Qb3+ Kh8 36. Qf7 Ne4 {Accuracy: White = 52%, Black = 74%.} 0-1

[Event "Summer Prague Open A 2020"]
[Site "Prague"]
[Date "2020.08.09"]
[Round "2.8"]
[White "Hrabusa, Matej"]
[Black "Bullen, Alex"]
[Result "1-0"]
[WhiteElo "2350"]
[BlackElo "2116"]
[Annotator "TA"]
[PlyCount "57"]
[EventDate "2020.08.08"]
[EventCountry "CZE"]
[SourceTitle "playchess.com"]
[Source "ChessBase"]
[SourceQuality "1"]

{[%evp 15,57,-12,0,10,25,0,32,10,12,12,27,0,0,3,18,4,5,-12,37,0,13,0,43,0,43,0,202,194,195,213,347,348,429,426,705,311,567,617,659,567,29984,29985,29996,29997]} 1. Nf3 d5 2. g3 Nf6 3. Bg2 c6 4. b3 Bg4 5. Bb2 e6 6. O-O Nbd7 7. c4 Bd6 8. d3 O-O 9. h3 {A12: English Opening: 1...c6 with b3 by White.} Bxf3 10. Bxf3 e5 11. cxd5 {White is slightly better.} cxd5 12. Nc3 Nb6 {[#]} 13. a4 $146 {[%cal Ba2a4,Ba4a5,Ba5a6,Ba6b7][%mdl 32]} ({Predecessor:} 13. e4 dxe4 14. dxe4 Qe7 15. a4 Rfd8 16. a5 Nbd7 17. a6 Nc5 18. axb7 Qxb7 19. Ba3 Qxb3 20. Bxc5 Qxd1 21. Rfxd1 Bxc5 {0-1 (70) Noren,K-Norman,B East Lansing 1992}) 13... Bb4 14. Na2 Bd6 15. a5 $36 {[%mdl 2048] Black is under pressure.} Nc8 $1 16. b4 Re8 17. Bg2 Ne7 18. Qb3 Nc6 19. Rfc1 Qe7 (19... Nd4 {feels hotter.} 20. Bxd4 exd4 21. b5 Qe7 22. Bf3 h5) 20. a6 (20. Nc3 {with more complications.} Nd4 21. Qd1 Qe6 22. e3 Nc6 23. b5) 20... Nxb4 $2 (20... Nd4 $11 21. Qd1 Nb5) 21. Nxb4 $18 Bxb4 {[#]} 22. Bxe5 $1 {[%mdl 576] Deflection} Qxe5 (22... bxa6 {keeps fighting.} 23. Bxf6 gxf6 24. Rxa6 (24. Bxd5 Rab8 $16) 24... Bd2) 23. axb7 ({And not} 23. Qxb4 b6 $11) 23... Rab8 24. Qxb4 Qxe2 (24... h6 $142 25. e3 Qe6 26. Rxa7 Nh5) 25. Rxa7 (25. Re1 $142 Qh5 26. Rxe8+ Nxe8 27. Rxa7) 25... Qxd3 $2 (25... h5 {was necessary.} 26. Qc3 Kh7) 26. Qf4 {aiming for Qxb8!} Nd7 {[#]} 27. Rc8 $1 {[%mdl 512] Strongly threatening Qxb8!} Qb5 (27... Rbxc8 28. bxc8=R) 28. Ra8 g5 29. Rxe8+ {Accuracy: White = 74%, Black = 25%.} 1-0

[Event "Summer Prague Open A 2020"]
[Site "Prague"]
[Date "2020.08.09"]
[Round "2.9"]
[White "Kaderabek, Jiri"]
[Black "Sorm, Daniel"]
[Result "1/2-1/2"]
[WhiteElo "2121"]
[BlackElo "2342"]
[Annotator "TA"]
[PlyCount "82"]
[EventDate "2020.08.08"]
[EventCountry "CZE"]
[SourceTitle "playchess.com"]
[Source "ChessBase"]
[SourceQuality "1"]

{[%evp 11,82,9,22,25,32,20,27,13,39,32,39,15,47,50,87,47,58,56,72,72,99,78,88,74,101,84,96,65,67,40,46,40,63,7,11,-21,0,0,8,0,0,-16,-15,-15,-12,-15,-14,-14,-13,-13,-13,-18,-2,-9,-5,-2,0,-37,-21,-8,-8,-19,-18,-20,-25,-27,0,-2,0,-11,18,22,22]} 1. e4 c5 2. Nf3 Nc6 3. Bb5 d6 4. Bxc6+ bxc6 5. O-O e5 6. c3 Bg4 7. d4 {B51: Sicilian: Moscow Variation (3 Bb5+) without 3...Bd7.} cxd4 8. cxd4 Bxf3 9. gxf3 {White has an edge.} exd4 10. Qxd4 Qf6 11. Be3 Qxd4 12. Bxd4 {[#]} Nf6 $146 ({Predecessor:} 12... Ne7 13. Nc3 Ng6 14. Kh1 Nf4 15. Rfd1 Ne6 16. Be3 g5 17. Ne2 Be7 18. Rac1 Kd7 {1-0 (60) Stevens,C (2363)-Knox,C (2075) Guelph 2008}) 13. Na3 Be7 14. Rac1 Kd7 15. Rfd1 Rhc8 16. Rc2 Ke6 17. Nc4 Ne8 18. f4 g6 19. Re2 f6 20. Rd3 Kf7 21. Kg2 Nc7 22. Bc3 (22. Na5 $14) 22... d5 $11 23. Nd2 dxe4 24. Rxe4 Rd8 25. Rxd8 Rxd8 26. Ba5 Rd5 27. Nb3 Ne6 28. Ra4 Nc5 29. Nxc5 Bxc5 {[%mdl 4096] Endgame KRB-KRB} 30. Bc3 Bb6 31. Rc4 Rc5 32. Re4 Rf5 33. Rc4 c5 34. a4 a5 35. Re4 Rd5 36. Re2 Bc7 37. Re4 h5 38. Kf3 h4 39. h3 {The position is equal.} Bb6 40. Re2 c4 41. Re4 Rc5 {Accuracy: White = 78%, Black = 79%.} 1/2-1/2

[Event "Summer Prague Open A 2020"]
[Site "Prague"]
[Date "2020.08.09"]
[Round "2.10"]
[White "Mica, Marek"]
[Black "Narr, Kevin"]
[Result "0-1"]
[WhiteElo "2306"]
[BlackElo "2110"]
[Annotator "TA"]
[PlyCount "62"]
[EventDate "2020.08.08"]
[EventCountry "CZE"]
[SourceTitle "playchess.com"]
[Source "ChessBase"]
[SourceQuality "1"]

{[%evp 9,61,0,0,0,0,-8,0,-4,0,0,0,0,0,0,0,0,0,0,0,0,0,0,0,0,5,5,11,0,13,-9,20,0,60,-13,0,0,0,-41,-41,-31,86,103,71,47,46,-49,-54,-215,-220,-1297,-1300,-1270,-1224,-29999]} 1. d4 d5 2. Bf4 c5 3. e3 Nc6 4. c3 Bf5 5. Bd3 Bxd3 6. Qxd3 {D00: 1 d4 d5: Unusual lines.} e6 7. Nd2 Nf6 8. Ngf3 {The position is equal.} cxd4 9. exd4 Bd6 10. Bxd6 Qxd6 11. O-O O-O 12. Rfe1 Nd7 {[#]} 13. Ng5 $146 {[%csl Gg5][%cal Rd3h7]} ({Predecessor:} 13. h3 Rab8 {½-½ (13) Yurtseven,M (2390)-Dastan,B (2561) Istanbul 2019}) 13... Nf6 14. Re2 h6 15. Ngf3 Nd7 16. Nb3 Qc7 17. g3 Rfc8 18. Nh4 Ne7 19. f4 Qb6 20. Kh1 g6 (20... Qc6 $11) 21. Rae1 (21. g4 $1 $14) 21... Nf5 22. Nxf5 exf5 23. g4 fxg4 24. f5 Kg7 (24... g5 $1 $15) 25. Re7 $16 Nf8 26. Qg3 $36 {[%mdl 2048] White fights for an advantage.} gxf5 {Threatens to win with ...Ng6.} 27. Qe5+ (27. R7e5 $1 $14) 27... Qf6 $15 {Strongly threatening ...Ng6.} 28. Rxb7 $2 {[#] Loses the game.} (28. Nc5 $1 $15) 28... Re8 $1 $19 {[%mdl 512]} 29. Qxe8 $2 (29. Re7 Rxe7 30. Qxe7) 29... Rxe8 30. Rxe8 {[#]} Qa6 $1 {[%cal Ra6f1][%mdl 576] Double Attack} 31. Rxf8 Qf1# {Accuracy: White = 61%, Black = 83%.} 0-1

[Event "Summer Prague Open A 2020"]
[Site "Prague"]
[Date "2020.08.09"]
[Round "2.11"]
[White "Marakovits, Nico"]
[Black "Biastoch, Bennet"]
[Result "1-0"]
[WhiteElo "2105"]
[BlackElo "2315"]
[Annotator "TA"]
[PlyCount "164"]
[EventDate "2020.08.08"]
[EventCountry "CZE"]
[SourceTitle "playchess.com"]
[Source "ChessBase"]
[SourceQuality "1"]

{[%evp 21,164,15,20,9,16,0,0,0,0,-19,0,0,0,0,0,0,-2,-6,33,27,36,33,60,14,13,8,68,65,62,56,84,37,38,16,20,22,17,0,0,-13,-10,-123,-125,-121,-127,-238,-113,-250,-277,-243,-248,-331,-223,-706,-706,-694,-679,-5783,160,222,222,221,209,226,262,262,464,460,457,452,451,290,400,359,359,217,268,229,317,263,256,242,268,268,297,297,396,283,283,223,224,231,223,223,223,223,563,563,563,551,511,458,592,587,466,395,696,696,689,633,696,696,689,689,666,250,584,564,822,806,1103,776,776,776,776,243,243,243,29963,9800,7971,4698,29973,29974,29976,29977,29977,29977,29977,29978,29972,29979,29979,29980,29988]} 1. d4 d5 2. c4 c6 3. cxd5 cxd5 4. Bf4 Nf6 5. e3 Nc6 6. Nc3 a6 7. Nf3 Bg4 8. Be2 Bxf3 9. Bxf3 e6 10. O-O Bd6 11. Bxd6 Qxd6 12. a3 {D13: Slav Defence: Exchange variation without ...Bf5.} b5 13. b4 O-O {[#]} 14. Qb3 $146 {The position is equal.} ({Predecessor:} 14. Rc1 Rac8 15. Qb3 Nd7 16. Be2 Nb6 17. f4 Nc4 18. Bxc4 bxc4 19. Qc2 Ra8 20. Rf3 {0-1 (49) Kristovic,M (2349)-Gagarin,V (2439) Zadar 2003}) 14... Nd7 15. Be2 Rfc8 16. Rfc1 Rab8 17. Nd1 {[%cal Bc3d1,Bd1b2,Bb2d3,Bd3c5][%mdl 32]} Nb6 18. Nb2 Nc4 19. Nd3 Nd8 20. Nc5 Nb7 21. a4 g6 22. axb5 axb5 23. Ra7 Nxc5 (23... Nd8 $11) 24. bxc5 $14 Qc6 25. Rca1 e5 26. R7a6 Qe8 27. Bf3 exd4 28. exd4 Nd2 29. Qxd5 b4 30. R6a2 Rd8 31. Qc6 (31. Rxd2 $11 Rxd5 32. Bxd5) 31... Qxc6 $17 32. Bxc6 Rxd4 33. Rb2 (33. Rd1 $17 {keeps fighting.} b3 34. Rb2 (34. Raxd2 $2 Rxd2 35. Rxd2 b2 $19)) 33... b3 (33... Nc4 $1 $19 {[%cal Rc4b2] and Black stays clearly on top.} 34. Rbb1 Nd2) 34. Bf3 (34. Rd1 $17 {was the only chance.}) 34... Nc4 $1 $19 {[%cal Rc4b2]} 35. Rbb1 b2 36. Ra2 Rd2 37. c6 $2 (37. h3) 37... Rc2 {( -> ...Rc1+)} 38. Bd1 Rc1 39. c7 Rxd1+ $4 {[%mdl 8192]} (39... Re8 $19 {[%cal Re8e1]} 40. c8=Q Rxc8 41. Raxb2 {[%mdl 64] Remove Defender} Nxb2 42. Rxc1 Rxc1) 40. Rxd1 $18 b1=Q {[%cal Rb1d1][%mdl 4096] Endgame [#]} 41. c8=Q+ $1 {[%mdl 576] Double Attack} Kg7 {[%cal Rb1d1] [#]} (41... Rxc8 42. Rxb1) 42. Qd8 $1 {[%mdl 512]} Qxa2 (42... Rxd8 43. Rxb1) 43. Qxb8 {KQR-KQN} h5 $2 (43... Qe2 44. Qd8 Qe5) 44. Qf4 Qe2 {[%cal Re2d1]} 45. Qd4+ Kh7 46. h3 Ne5 47. Rb1 Qd3 48. Qb4 ({And not} 48. Qxe5 Qxb1+ 49. Kh2 Qd3 $11) 48... Qf5 49. Qb3 Qd3 50. Qb8 Qe4 51. Ra1 Qf4 52. Qb3 ({Worse is} 52. Ra8 Qc1+ 53. Kh2 Qf4+ 54. Kh1 (54. g3 $2 {gets mated.} Qxf2+ 55. Kh1 Qf1+ {[%mdl 64] Double Attack} 56. Kh2 Nf3#) 54... Qc1+ 55. Kh2 Qf4+ 56. Kh1 (56. g3 $2 Qxf2+ 57. Kh1 Qf1+ {[%mdl 64] Double Attack} 58. Kh2 Nf3#) 56... Qc1+ 57. Kh2 $11) 52... Qe4 53. Qc3 {And now Re1! would win.} Nd3 {intending ...Nf4.} 54. Qf6 Qf4 55. Qb6 Qe5 56. Ra7 Qe1+ 57. Kh2 Qe5+ 58. g3 Qd5 $2 {[#]} (58... Kg7 {is a better chance.} 59. Qe3 Qd5) 59. Qb7 $1 Qxb7 60. Rxb7 {KR-KN} Kg7 61. Kg2 Nc5 62. Rb5 Ne6 63. f3 Kf6 $2 (63... Nd4) 64. h4 Nd4 65. Rd5 Nf5 {Strongly threatening ...Ne3+.} 66. Kh3 Ke6 67. Ra5 Nd4 68. Ra3 $2 (68. g4 f5 69. Ra6+ Kf7 70. gxh5 gxh5 71. Ra4) 68... Nf5 $2 (68... f5 69. Kg2 Kf6) 69. g4 Ng7 70. Ra6+ Ke5 71. Kg3 hxg4 72. fxg4 Ne6 73. g5 $2 (73. Ra5+ Kf6 74. g5+ Ke7 75. Ra7+ Kf8 76. Kf3) 73... Ng7 74. Kg4 {Black must now prevent Rf6.} Nh5 $2 (74... Ne8 $18 75. Ra7 Nd6 76. Ra5+ Kd4) 75. Rb6 (75. Rc6 $142 Kd5 76. Rc7 Ke6 77. Rb7 Ng7 78. Rb6+ Ke7 79. Kf4 Nh5+ 80. Ke5) 75... Kd5 76. Rb8 Ke6 {[#]} 77. Re8+ $1 {White mates.} Kd7 {[#]} 78. Rh8 $1 {[%cal Rh8h5]} f5+ 79. Kf3 Ke7 80. Rh7+ Ke6 {[#]} 81. Rxh5 $1 {[%mdl 512]} gxh5 82. Kf4 Kd5 {White used his chance. Accuracy: White = 58%, Black = 48%.} 1-0